| 000 | 00512nam a22001697a 4500 | ||
|---|---|---|---|
| 999 |
_c41731 _d41731 |
||
| 003 | OSt | ||
| 005 | 20221104101002.0 | ||
| 008 | 221104b ||||| |||| 00| 0 eng d | ||
| 020 | _a9789383382569 | ||
| 040 | _coclc | ||
| 082 |
_a363.192 _bACC/A |
||
| 100 |
_99252 _aFredrick Accum |
||
| 245 |
_aA treatise on adulterations of food, and culinary poisons / _cFredrick Accum |
||
| 260 |
_aNew Delhi: _bRohit Publication, _cnil |
||
| 300 | _a168 | ||
| 942 |
_2ddc _cBK _h363.192 _iACC/A _k363.192 |
||